Estadísticas para Islas del mundo

Haz click aquí para intentar la prueba.

Estadísticas generales

  • Esta prueba ha sido intentada 68 veces
  • La puntuación promedio es 4 de 31

Estadísticas de respuestas

inicialespaíses% Correcto
Iislas marshall
56%
Mmauricio
39%
Aantigua
31%
Ggranada
22%
Mmaldivas
19%
Ttrinidad y tobago
19%
Ppalaos
17%
Ffiyi
14%
Iislas salomón
14%
Kkiribati
14%
Ssan vicente y las granadinas
14%
Iislandia
11%
Jjapón
11%
Nnauru
11%
Ssanta lucía
11%
Aantigua y barbuda
8%
Ccabo verde
8%
Ffilipinas
8%
Iirlanda
8%
Ssan cristóbal y nieves
8%
Rreino unido
6%
Ssamoa
6%
Ccomoras
3%
Ssanto tomé y príncipe
3%
Ttaiwan
3%
Ttuvalu
3%
Bbaréin
0%
Ddinamarca(groenlandia)
0%
Mmaldivas
0%
Mmalta
0%
Ttonga
0%

Distribución de puntuación

Porcentaje por número respondido

Porcentaje de gente con cada puntuación

Historial de tus puntuaciones

No has intentado esta prueba.